Loading...
| Fine Arts - Auditory Fine Arts | 6 | 1.67 | 17% | 0% | 0% |
| Fine Arts - Other Fine Arts | 3 | 6.67 | 67% | 0% | 0% |
| Fine Arts - Visual Fine Arts | 2 | 10.00 | 100% | 0% | 0% |
| Geography | 1 | 10.00 | 100% | 0% | 0% |
| History - American History | 3 | 16.67 | 67% | 100% | 0% |
| History - European History | 3 | 13.33 | 100% | 33% | 0% |
| History - Other History | 6 | 18.33 | 100% | 50% | 33% |
| History - World History | 5 | 12.00 | 100% | 20% | 0% |
| Literature - American Literature | 3 | 10.00 | 100% | 0% | 0% |
| Literature - British Literature | 5 | 18.00 | 100% | 40% | 40% |
| Literature - European Literature | 5 | 6.00 | 60% | 0% | 0% |
| Literature - World Literature | 4 | 12.50 | 100% | 25% | 0% |
| Mythology | 4 | 22.50 | 100% | 100% | 25% |
| Philosophy | 3 | 13.33 | 100% | 33% | 0% |
| Pop Culture | 3 | 13.33 | 67% | 67% | 0% |
| Religion | 2 | 15.00 | 100% | 50% | 0% |
| Science - Biology | 5 | 12.00 | 80% | 40% | 0% |
| Science - Chemistry | 3 | 10.00 | 100% | 0% | 0% |
| Science - Other Science | 3 | 13.33 | 100% | 33% | 0% |
| Science - Physics | 3 | 10.00 | 100% | 0% | 0% |
| Social Science | 3 | 6.67 | 67% | 0% | 0% |